[Event "8th Dolomiti Open 2017"]
[Site "Forni di Sopra"]
[Date "2017.06.11"]
[Round "2.11"]
[White "Loiacono, Antonio"]
[Black "Stany, G A"]
[Result "0-1"]
[WhiteElo "2155"]
[BlackElo "2489"]
[Annotator "TA"]
[PlyCount "88"]
[EventDate "2017.??.??"]
[EventType "swiss"]
[EventCountry "ITA"]
[SourceTitle "playchess.com"]
[Source "ChessBase"]
[SourceQuality "1"]

{[%evp 22,88,-22,-24,-19,-41,0,0,0,-8,0,0,0,0,0,-9,-19,-39,-43,-135,-70,-84,-38,-158,-155,-144,-137,-145,-125,-126,-110,-220,-233,-247,-254,-250,-239,-326,-339,-335,-304,-278,-306,-330,-343,-497,-489,-490,-474,-457,-440,-544,-545,-568,-556,-543,-516,-537,-552,-669,-647,-731,-689,-615,-578,-727,-613,-662,-654]} 1. e4 c5 2. Nf3 d6 3. d4 cxd4 4. Nxd4 Nf6 5. Nc3 a6 6. Bc4 e6 7. Bb3 Qc7 8. O-O Be7 9. Kh1 Nc6 10. f4 O-O 11. Be3 b5 12. a3 Na5 {B88: Sicilian: Sozin Attack} (12... Bb7 13. f5 Nxd4 14. Bxd4 e5 15. Be3 Bc6 16. Bg5 Rac8 17. Bxf6 Bxf6 18. Qd3 Qb6 19. Rfd1 a5 20. a4 bxa4 21. Bxa4 Bxa4 22. Nxa4 {½-½ (38) Suta,A (2093)-Stocko,J (2326) Split 2016}) 13. Qd3 Nxb3 14. cxb3 Bb7 {[%cal Bc8b7,Bb7a8,Ba8e4][%mdl 32] The position is equal.} 15. Rac1 $146 ({Predecessor:} 15. f5 e5 16. Nc2 d5 17. exd5 Rad8 18. Qe2 Nxd5 19. Nxd5 Bxd5 20. Rac1 Qb7 21. Qg4 g6 22. Nb4 Bxb3 23. Nc6 Qc7 24. Nxe7+ Qxe7 25. f6 {1-0 (25) Tran,Q (2196)-Nguyen,H Nha Trang 2009}) 15... Qd7 16. b4 Rac8 17. Nb3 Rfe8 18. Rfd1 Ba8 19. Bd4 {[#]} e5 $1 {[%mdl 512]} 20. Be3 (20. Bxe5 $15 dxe5 21. Qxd7 Nxd7 22. Rxd7) (20. fxe5 dxe5) 20... Bf8 (20... Qg4 $17 21. Rf1 Qh4) 21. f5 Rc7 22. Re1 {[#]} ({White should try} 22. Kg1 $15) 22... Rxc3 $1 $17 {[%mdl 512]} 23. Rxc3 (23. bxc3 Bxe4) 23... Bxe4 24. Qe2 Qxf5 25. Nd2 Ba8 26. Rf1 (26. Rc7 $17 {was called for.}) 26... Qg6 $19 27. Bg1 Nd5 {[%cal Bf6d5,Bd5f4,Bf4d3,Bd3e1][%mdl 32]} 28. Rg3 Qe6 29. Ne4 {intending Ng5.} Nf4 30. Qe1 h6 31. Nd2 Rc8 32. Nf3 Rc2 33. Rf2 (33. Qd1 $142 Rxb2 34. Rf2 Rxf2 35. Bxf2) 33... Nd3 {Black is clearly winning.} 34. Rxc2 Nxe1 35. Nxe1 Be7 36. Rgc3 {Strongly threatening Rc8+.} Be4 37. Re2 f5 {[%cal Bf7f5,Bf5f4][%mdl 32]} 38. Nf3 Bf6 39. Nd2 Bd5 40. Nf3 f4 41. Rcc2 Qg4 42. Ne1 Bb3 43. Rcd2 Bc4 44. Rf2 Bh4 {Precision: White = 24%, Black = 71%.} 0-1

[Event "8th Dolomiti Open 2017"]
[Site "Forni di Sopra"]
[Date "2017.06.11"]
[Round "2.12"]
[White "Castellanos Rodriguez, Renier"]
[Black "Vezzani, Stefano"]
[Result "1-0"]
[WhiteElo "2488"]
[BlackElo "2071"]
[Annotator "TA"]
[PlyCount "66"]
[EventDate "2017.??.??"]
[EventType "swiss"]
[EventCountry "ITA"]
[SourceTitle "playchess.com"]
[Source "ChessBase"]
[SourceQuality "1"]

{[%evp 14,66,47,42,56,40,39,45,39,25,70,63,63,63,63,31,35,51,65,4,10,33,51,50,135,125,456,428,453,423,497,480,534,479,688,696,653,680,833,812,932,922,1281,1252,1383,862,29986,1469,29987,29988,29988,29989,29993,29994,29994]} 1. d4 d6 2. Nf3 g6 3. e4 Bg7 4. c3 Nf6 5. Bd3 O-O 6. O-O Nc6 7. Re1 e5 8. d5 {LiveBook: 4 Games. B07: Pirc Defence: Miscellaneous Systems} (8. h3 Re8 9. d5 Ne7 10. c4 h6 11. Nc3 Nd7 12. Rb1 a5 13. a3 f5 14. b4 b6 15. Qc2 Rf8 16. Bb2 f4 17. Nb5 {0-1 (36) Predojevic,B (2640)-Aronian,L (2795) Germany 2017}) 8... Nb8 9. c4 a5 $146 ({Predecessor:} 9... Nbd7 10. Nc3 Nh5 11. Rb1 Nc5 12. Bc2 a5 13. a3 Nf4 14. b4 Na6 15. Ne2 g5 16. Ng3 g4 17. Nd4 Qg5 18. Nde2 Nxe2+ 19. Qxe2 Qg6 20. Nf5 Bf6 {1-0 (20) Zezulkin,J (2473)-Mikhaletz,L (2485) Polanica Zdroj 1999}) 10. Nc3 {White is slightly better.} Na6 11. a3 Bd7 12. Bc2 Nh5 {[%cal Bf6h5,Bh5f4,Bf4h3][%mdl 32]} 13. Rb1 $36 {[%mdl 2048] White is more active.} Nf4 14. b4 axb4 15. axb4 Qf6 16. g3 (16. h3 $14) 16... Nh3+ $11 17. Kg2 g5 {White must now prevent ...g4.} 18. Rf1 g4 {[#]} (18... Bg4 $14) 19. Nh4 $1 $16 {[%cal Rh4f5] And now Nf5 would win.} c5 $2 {[%mdl 8192]} (19... Ng5 $16) 20. dxc6 $18 bxc6 21. Nf5 Bxf5 22. exf5 h5 23. f3 {[%cal Bf2f3,Bf3g4][%mdl 32]} e4 (23... Ng5 $142 24. fxg4 e4 25. Nxe4 Nxe4 26. Bxe4 d5) 24. Nxe4 Qxf5 25. Nxd6 Qe5 26. fxg4 Rfd8 27. c5 Nxc5 28. bxc5 Qxc5 29. Qd3 {Qh7+ would kill now.} Rxd6 30. Qh7+ Kf8 {[#]} 31. Rxf7+ $1 {[%mdl 512] White mates.} Kxf7 32. Rb7+ Ke6 33. Bb3+ Qd5+ {Precision: White = 71%, Black = 45%.} 1-0

[Event "8th Dolomiti Open 2017"]
[Site "Forni di Sopra"]
[Date "2017.06.12"]
[Round "3"]
[White "Korneev, Oleg"]
[Black "Seresin, Francesco"]
[Result "1-0"]
[WhiteElo "2569"]
[BlackElo "2280"]
[Annotator "TA"]
[PlyCount "61"]
[EventDate "2017.??.??"]
[EventType "swiss"]
[EventCountry "ITA"]
[SourceTitle "playchess.com"]
[Source "ChessBase"]
[SourceQuality "1"]

{[%evp 12,61,10,0,0,-28,29,38,29,35,22,34,32,19,42,34,43,-31,-27,-44,-11,-17,55,52,49,48,160,160,152,157,236,236,225,222,271,257,279,278,463,460,469,456,486,496,598,595,679,671,738,747,1295,1295]} 1. d4 Nf6 2. Nf3 d5 3. Bf4 c5 4. e3 Nc6 5. Nbd2 e6 6. c3 Nh5 7. Be5 {LiveBook: 3 Games. D02: 1 d4 d5 2 Nf3 sidelines, including 2...Nf6 3 g3 and 2...Nf6 3 Bf4} (7. Bg5 f6 8. Bh4 g6 9. Bd3 cxd4 10. cxd4 Be7 11. O-O Bd7 12. a3 O-O 13. Rc1 Rc8 14. Nb1 Qb6 {1-0 (54) Giri,A (2785)-So,W (2815) chess.com INT 2017}) 7... cxd4 $146 (7... f6 $5 {[%cal Rf6e5]} 8. Bg3 Nxg3 9. hxg3 Bd7 $11) ({Predecessor:} 7... f6 8. Bg3 Qb6 9. Qb1 Bd7 10. a4 g6 11. Be2 Rc8 12. a5 Qd8 13. a6 b6 14. Nh4 Nxg3 15. hxg3 {½-½ (46) Hug,W (2469)-Mekhitarian,K (2511) Istanbul 2012}) 8. exd4 (8. cxd4 {keeps more tension.} f6 9. Bg3 Be7 10. Rc1 g6 11. a3) 8... Bd6 ({Black should play} 8... f6 9. Bg3 g6) 9. Bb5 $11 {White has an edge.} O-O 10. Bxd6 Qxd6 11. O-O f6 12. Re1 Bd7 13. a3 Nf4 14. c4 (14. g3 $14 Nh3+ 15. Kg2) 14... a6 $15 15. Bxc6 Bxc6 16. c5 Qc7 (16... Qd7 $11) 17. g3 $36 {[%mdl 2048] White has the initiative.} Nd3 18. Rxe6 {Qb3 is the strong threat.} Qf7 ({Better is} 18... Nxb2 $14 19. Qc2 Na4) 19. Rxc6 $16 bxc6 20. Qc2 Ne5 (20... Nxf2 $16 21. Kxf2 Rfe8) 21. dxe5 $18 fxe5 {[#] Black wants to play ...e4.} 22. Rf1 $1 (22. Nxe5 Qxf2+ 23. Kh1 Rae8 $11) 22... Qf6 {[#]} 23. Qc3 $1 Rae8 24. Re1 d4 $2 (24... e4 {keeps fighting.}) 25. Qc4+ {White is clearly winning.} Kh8 26. Qd3 a5 27. Kg2 a4 28. Nc4 {[%cal Bd2c4,Bc4e5,Be5d7][%mdl 32]} Rb8 {And now ...Rb3 would win.} 29. Ncxe5 Rb3 30. Qe4 d3 31. Nd7 {Precision: White = 67%, Black = 12%.} 1-0

[Event "8th Dolomiti Open 2017"]
[Site "Forni di Sopra"]
[Date "2017.06.12"]
[Round "3"]
[White "Stany, G A"]
[Black "Mufic, Goran"]
[Result "1-0"]
[WhiteElo "2489"]
[BlackElo "2247"]
[Annotator "TA"]
[PlyCount "81"]
[EventDate "2017.??.??"]
[EventType "swiss"]
[EventCountry "ITA"]
[SourceTitle "playchess.com"]
[Source "ChessBase"]
[SourceQuality "1"]

{[%evp 11,81,52,65,67,64,66,206,194,184,175,197,210,288,282,313,313,310,309,387,314,314,314,309,311,309,309,302,293,305,303,292,274,267,265,265,265,266,268,281,290,277,264,260,265,299,268,304,275,293,288,283,276,360,340,502,470,572,558,552,556,547,539,545,533,716,699,620,609,2726,1964,12837,12833]} 1. e4 d5 2. exd5 Qxd5 3. Nc3 Qd6 4. d4 Nf6 5. Nf3 c6 6. Ne5 Bf5 {LiveBook: 22 Games. B01: Scandinavian Defence} (6... Nbd7 7. Nc4 Qc7 8. a4 Nd5 9. Bd3 g6 10. Qf3 N7f6 11. Nxd5 Nxd5 12. O-O Bg7 13. c3 O-O 14. Qg3 Qxg3 15. hxg3 {½-½ (28) Caruana,F (2808)-Carlsen,M (2857) Baku 2016}) 7. g4 {[%cal Bg2g4,Bg4g5][%mdl 32]} Be6 8. g5 Bd5 $146 (8... Nfd7 $14) ({Predecessor:} 8... Nfd7 9. Nc4 Bxc4 10. Bxc4 e5 11. Qe2 Be7 12. dxe5 Qxe5 13. Be3 Bc5 14. Bxc5 Qxe2+ 15. Bxe2 Nxc5 {½-½ (55) Gomez Anadon,D (2212)-Ramon Perez,J (2238) Aragon 2016}) 9. gxf6 $18 Bxh1 10. Qg4 {[#] Bc4 is the strong threat.} Nd7 11. Nxd7 $40 {[%mdl 128] White is out for blood.} Qxd7 12. fxg7 Bxg7 13. Qxg7 {[%cal Rg7h8]} O-O-O 14. Bf4 Qf5 15. Qe5 Qxe5+ 16. Bxe5 ({But not} 16. dxe5 $6 Bf3 $18) 16... Rhg8 17. Bh3+ e6 18. Ke2 Bd5 19. Nxd5 cxd5 20. a4 {[%cal Ba2a4,Ba4a5][%mdl 32]} Kd7 21. Ra3 Rc8 22. Kd2 Rg1 23. Rb3 b6 {[#]} 24. a5 $1 Kc6 (24... bxa5 25. Rb7+) 25. Rc3+ Kd7 26. Ra3 b5 27. a6 Kc6 28. Rc3+ Kd7 {Black hopes to continue with ...Rxc3.} 29. Rb3 Kc6 30. Rf3 f5 31. Rf4 Rb1 32. Rh4 Rxb2 (32... Kb6 $142 33. Bd6 (33. Rxh7 Rxb2 34. Rb7+ Kxa6 $14) 33... Rxb2) 33. Rh6 {White is clearly winning.} Kd7 34. Rxh7+ Kd8 35. Rh8+ Kd7 36. Rxc8 Kxc8 37. Bf1 Rb1 38. Be2 Kd7 39. h4 {[%cal Bh2h4,Bh4h5][%mdl 32]} Kc6 40. Bd1 b4 41. h5 {Precision: White = 92%, Black = 46%.} 1-0

[Event "8th Dolomiti Open 2017"]
[Site "Forni di Sopra"]
[Date "2017.06.12"]
[Round "3"]
[White "Matamoros Franco, Carlos S"]
[Black "Henderson de La Fuente, Lance"]
[Result "1-0"]
[WhiteElo "2478"]
[BlackElo "2365"]
[Annotator "TA"]
[PlyCount "115"]
[EventDate "2017.??.??"]
[EventType "swiss"]
[EventCountry "ITA"]
[SourceTitle "playchess.com"]
[Source "ChessBase"]
[SourceQuality "1"]

{[%evp 9,115,17,16,-23,2,4,21,0,29,36,39,27,38,26,24,29,35,33,51,4,47,52,53,53,51,39,52,37,25,42,83,33,28,24,23,34,18,14,17,16,25,9,74,35,96,98,139,68,69,69,69,72,72,62,62,62,62,62,109,109,134,133,135,134,144,134,134,0,127,0,120,121,135,63,76,0,135,132,135,135,152,137,181,162,183,165,210,210,217,210,210,210,246,210,208,202,243,236,311,311,311,266,344,339,314,310,301,287]} 1. Nf3 c5 2. c4 Nc6 3. Nc3 e5 4. d3 g6 5. a3 Bg7 6. b4 {A35: Symmetrical English: 2 Nc3 Nc6 3 Nf3} d6 (6... e4 7. Nxe4 Bxa1 8. Bg5 $14) 7. Rb1 Nge7 8. g3 {The position is equal.} b6 9. Bg2 Bb7 10. O-O Rb8 $146 ({Predecessor:} 10... O-O 11. Nd5 Qd7 12. Ng5 h6 13. Ne4 f5 14. Nec3 Nxd5 15. cxd5 Ne7 16. Bd2 Rac8 17. Qb3 Ba6 18. b5 Bb7 19. a4 {½-½ (19) Khalifman,A (2616)-Huzman,A (2575) St Petersburg 1999}) 11. Bg5 f6 12. Bd2 O-O 13. Qa4 Nd4 14. Nxd4 exd4 (14... cxd4 {keeps more tension.} 15. Nd5 Nxd5 16. cxd5 Ra8 17. Rbc1 f5) 15. Nd5 Nxd5 16. cxd5 Ra8 17. Rfe1 Qe8 18. Qb3 {[#] Threatens to win with bxc5.} Qf7 19. a4 Rac8 20. bxc5 dxc5 21. a5 Rfd8 22. axb6 axb6 23. Rec1 Bxd5 24. Bxd5 Rxd5 25. Qxb6 Re5 (25... Bf8 $11) 26. e4 dxe3 (26... Bf8 $14) 27. Bxe3 $16 ({Reject} 27. fxe3 $6 Bh6 $11) 27... Qd5 28. Qb3 ({White should play} 28. d4 $16 Re6 29. Rxc5 Rxc5 30. Qb8+ (30. Qxc5 Qxc5 31. dxc5 Rc6 $16) 30... Bf8 31. dxc5) 28... Qxb3 29. Rxb3 Rd5 30. d4 $1 {[%cal Rd4c5]} c4 31. Rbc3 f5 32. Rxc4 Rcd8 {[%cal Rg7d4]} 33. Rd1 f4 34. gxf4 R8d7 35. Kg2 Kf7 36. Kf3 Rh5 37. Kg3 Rhd5 38. Kf3 Rh5 $1 39. Kg3 Rhd5 $1 40. Rd2 Ke6 41. Rc5 (41. Kg4 $16) 41... R5d6 $1 $14 42. Rc4 (42. f5+ $142 gxf5 43. Re2) 42... Rd5 $1 $16 43. Kg4 Bf8 44. Ra2 Bg7 45. Raa4 Bf8 46. Rc6+ Kf7 47. Rca6 Bg7 {[%cal Rg7d4]} 48. Ra7 Ke6 49. R4a6+ Kf7 50. Ra5 Bf6 51. Rxd5 Rxa7 $18 {[%mdl 4096] Endgame KRB-KRB} 52. f5 h5+ 53. Kf3 g5 54. h3 {White has a decisive advantage.} Rb7 55. Rc5 Rb1 56. Rc7+ Kg8 57. Ke4 Rb5 58. Rc5 {Precision: White = 66%, Black = 37%.} 1-0

[Event "8th Dolomiti Open 2017"]
[Site "Forni di Sopra"]
[Date "2017.06.12"]
[Round "3"]
[White "Bellia, Fabrizio"]
[Black "De Santis, Alessio"]
[Result "1/2-1/2"]
[WhiteElo "2432"]
[BlackElo "2242"]
[Annotator "TA"]
[PlyCount "40"]
[EventDate "2017.??.??"]
[EventType "swiss"]
[EventCountry "ITA"]
[SourceTitle "playchess.com"]
[Source "ChessBase"]
[SourceQuality "1"]

{[%evp 14,40,43,39,50,47,58,54,58,57,71,51,58,11,8,0,8,0,0,0,11,0,0,-25,0,0,0,0,0]} 1. e4 d6 2. d4 {[%cal Bd2d4,Bd4e5][%mdl 32]} Nf6 3. Bd3 e5 4. c3 d5 5. dxe5 Nxe4 6. Nf3 Nc6 7. O-O Bg4 {B07: Pirc Defence: Miscellaneous Systems} 8. Nbd2 {LiveBook: 8 Games} Nxd2 (8... Nc5 9. Bb1 d4 10. h3 Bh5 11. cxd4 Nxd4 12. b4 Nce6 13. Be4 c6 14. Qa4 a5 15. Nxd4 Nxd4 {0-1 (37) Bulmaga,I (2387)-Jianu,V (2544) Medias 2016}) 9. Bxd2 Be7 {White is slightly better.} 10. Re1 Qd7 11. h3 $146 ({Predecessor:} 11. Qc2 a6 12. Nd4 g6 13. Bh6 O-O-O 14. a4 Nxd4 15. cxd4 {1-0 (50) Gaujens,A (2185)-Fraser,A (2186) ICCF email 2010}) 11... Bf5 12. Bb5 a6 13. Qa4 (13. e6 $5 fxe6 14. Ne5 $14) 13... O-O 14. Bxc6 bxc6 15. Bg5 Bxg5 16. Nxg5 h6 17. Nf3 c5 18. Qf4 Rfb8 19. b4 cxb4 20. cxb4 Be4 1/2-1/2

[Event "8th Dolomiti Open 2017"]
[Site "Forni di Sopra"]
[Date "2017.06.12"]
[Round "3"]
[White "Bruno, Fabio"]
[Black "Rotstein, Arkadij"]
[Result "1/2-1/2"]
[WhiteElo "2427"]
[BlackElo "2499"]
[Annotator "TA"]
[PlyCount "137"]
[EventDate "2017.??.??"]
[EventType "swiss"]
[EventCountry "ITA"]
[SourceTitle "playchess.com"]
[Source "ChessBase"]
[SourceQuality "1"]

{[%evp 14,137,31,22,37,36,38,15,43,32,58,56,50,56,63,50,76,16,21,13,16,21,53,37,39,18,90,100,95,108,101,114,123,56,50,39,76,39,39,39,39,39,39,39,39,39,39,39,39,39,39,32,39,39,39,39,39,39,39,39,39,39,39,39,39,39,39,39,39,39,39,39,39,39,39,39,39,39,39,39,39,39,39,39,39,39,39,39,39,39,77,76,76,45,53,37,29,16,16,16,16,16,16,16,20,-33,-33,-48,-48,-48,-48,-48,-37,-48,-37,-40,-37,-40,-37,-40,-37,-37,-38,-39,-39,-47]} 1. c4 g6 2. Nc3 Bg7 3. d4 d6 4. Nf3 Nd7 5. g3 e5 6. Bg2 Ne7 7. O-O O-O 8. e3 {LiveBook: 57 Games} a6 {A41: 1 d4 d6: Tartakower System and Modern Defence} (8... a5 9. b3 Nc6 10. Bb2 Re8 11. h3 e4 12. Ne1 f5 13. Nc2 Nf6 14. a3 d5 15. f4 Be6 16. c5 {1-0 (41) Movsesian,S (2679)-Kuybokarov,T (2491) Moscow 2017}) 9. b3 Rb8 $146 ({Predecessor:} 9... Re8 10. Bb2 Rb8 11. Qc2 exd4 12. exd4 b5 13. cxb5 axb5 14. Rfe1 Nf6 15. Rad1 Bf5 16. Qc1 {0-1 (39) Vucic,M (2385)-Lupu,M (2435) Zillertal 1993}) 10. a4 c5 {The position is equal.} 11. dxe5 dxe5 {[#] aiming for ...e4!} 12. Ba3 b6 13. Ra2 f5 {White must now prevent ...e4.} 14. Ng5 {Hoping for Ne6.} Nf6 $1 15. Rd2 (15. b4 $16) 15... Qc7 $11 16. Nd5 Nexd5 17. cxd5 Qd6 18. Qc2 (18. a5 $5) 18... a5 19. Rfd1 h6 (19... e4 $11) 20. Ne6 $1 $16 {[%cal Re6f8]} Bxe6 21. dxe6 Qxe6 22. Bb2 Qe7 {[#]} 23. Qc4+ (23. Rd6 $1 $16) 23... Kh8 $1 $14 24. Rd6 Rbd8 25. Bxe5 (25. Qd3 {is more complex.} e4 26. Qd2 Rxd6 27. Qxd6 Qxd6 28. Rxd6 Ng4 29. h3) 25... Ne4 $1 {[%cal Re4d6]} 26. Bxe4 Bxe5 27. Rxd8 Rxd8 28. Rxd8+ Qxd8 29. Bd3 Kg7 30. h4 h5 31. Qc2 Qd6 32. Kh2 Bf6 33. Kg2 Qd5+ 34. Kg1 Be5 35. Bc4 Qd6 36. Kh2 Bf6 37. Kg2 Qc6+ 38. Kg1 Qd6 39. Qe2 Qc6 40. Qd3 Be7 41. Bd5 Qd6 42. Qd1 Qe5 43. Qf3 Bf6 44. Bc4 Qd6 45. Qb7+ Kh6 46. Qf7 (46. Bd5 {is interesting.} Bg7 47. Kg2 Be5 48. Kf3 Bf6 49. Qf7) 46... Bc3 47. Bd5 Bg7 48. Qb7 Bf6 49. Kf1 Bg7 50. Ke2 Qf6 51. Qd7 f4 52. gxf4 Qxh4 53. Kf1 (53. Qd6 $5 {[%cal Rd6b6]}) 53... Qf6 54. Kg2 (54. Be6 {keeps more tension.} Qb2 55. Kg2 Bf6 56. Bg8 Bg7 57. Bf7) 54... Qf5 55. Qxf5 (55. Be6 {looks sharper.} Qe4+ 56. Kf1 Bf6 57. Qf7 Qd3+ 58. Kg1) 55... gxf5 $11 {[%mdl 4096] Endgame KB-KB} 56. Bf7 Bc3 57. Be6 Kg6 58. Bd7 Kf6 59. f3 (59. Be8 $11) 59... Bd2 $15 {Black is slightly better.} 60. e4 fxe4 61. fxe4 Bxf4 62. Bc6 Ke5 63. Bd5 Kd4 64. Kf3 Be5 65. Kg2 Kc3 66. Kf3 Kb4 67. Kg2 b5 68. axb5 Kxb5 69. Kh3 {Precision: White = 70%, Black = 57%.} 1/2-1/2

[Event "8th Dolomiti Open 2017"]
[Site "Forni di Sopra"]
[Date "2017.06.12"]
[Round "3"]
[White "Vezzosi, Paolo"]
[Black "Denoyelle, Arnaud"]
[Result "1-0"]
[WhiteElo "2333"]
[BlackElo "2188"]
[Annotator "TA"]
[PlyCount "57"]
[EventDate "2017.??.??"]
[EventType "swiss"]
[EventCountry "ITA"]
[SourceTitle "playchess.com"]
[Source "ChessBase"]
[SourceQuality "1"]

{[%evp 27,57,-50,-27,-22,0,0,0,0,54,0,188,164,391,320,378,348,609,592,602,584,597,591,569,572,1019,547,1459,1421,29986,29987,29982,3183]} 1. d4 {[%cal Bd2d4,Bd4d5][%mdl 32]} f5 2. Nf3 g6 3. g3 Bg7 4. Bg2 d6 5. c4 Nc6 6. d5 Ne5 7. Nxe5 dxe5 8. e4 Nf6 9. Nc3 O-O 10. O-O f4 11. gxf4 exf4 12. e5 Ng4 13. e6 Ne5 14. Qb3 f3 15. Bh3 {A89: Dutch Defence: Leningrad System: 5 Nf3 0-0 6 0-0 d6 7 Nc3 Nc6} g5 ({Black should play} 15... c6 $11) 16. Re1 $14 Qe8 $1 {[%cal Re8h5] [#] Hoping for ...Qh5.} 17. Ne4 {[%cal Bc3e4,Be4g3,Bg3f5][%mdl 32] The position is equal.} Qh5 $1 {[%cal Rh5h3]} (17... g4 18. Bf1 Qg6 19. Qe3 b5 20. cxb5 Bb7 21. Qg5 Bxd5 22. Nc3 Qxg5 23. Bxg5 Bxe6 24. Bxe7 {1-0 (38) Gruenberg,H (2450)-Joecks,C (2392) Germany 2003}) 18. Bf1 $1 g4 $2 (18... Ng4 $1 $11 {and Black is okay.} 19. h3 Be5) 19. Qe3 h6 $2 (19... b5) 20. Bd2 Ng6 21. Ng3 $146 ({Predecessor:} 21. Bc3 Bxc3 22. bxc3 Nf4 {1-0 (34) Ivanka Budinsky,M-Lazarevic,M Medellin 1974}) 21... Qh4 $2 {[#]} (21... Qg5 22. Qxg5 hxg5 23. Bxg5 c6) 22. Qe4 $18 Rf6 23. Nf5 Qh5 24. Nxg7 Kxg7 25. Bc3 b6 26. Bd3 Ba6 27. Bxf6+ Kxf6 28. Qd4+ Kg5 29. Qg7 {Precision: White = 77%, Black = 21%.} (29. Re5+ $142 Nxe5 30. Qxe5+ Kh4 31. Qxc7 Rg8 32. Qxe7+ Qg5 33. Qxa7 Bc8 34. Qxb6) 1-0

[Event "8th Dolomiti Open 2017"]
[Site "Forni di Sopra"]
[Date "2017.06.12"]
[Round "3"]
[White "Derakhshani, Dorsa"]
[Black "Hansson, Hakan"]
[Result "1-0"]
[WhiteElo "2321"]
[BlackElo "2011"]
[Annotator "TA"]
[PlyCount "69"]
[EventDate "2017.??.??"]
[EventType "swiss"]
[EventCountry "ITA"]
[SourceTitle "playchess.com"]
[Source "ChessBase"]
[SourceQuality "1"]

{[%evp 10,68,43,43,37,35,52,34,37,30,35,20,18,21,21,26,38,25,47,47,40,-35,33,49,33,48,54,31,64,31,48,52,42,48,57,41,41,47,55,41,57,50,106,109,111,123,152,149,497,510,894,881,1361,793,746,754,1046,1024,29990,29991,29999]} 1. e4 e5 2. Nf3 Nf6 3. Nxe5 d6 4. Nf3 Nxe4 5. d4 d5 6. Bd3 Nf6 {C42: Petroff Defence: 3 Nxe5 and unusual White 3rd moves} (6... Nc6 7. O-O Be7 8. Nbd2 Nd6 9. c3 Bf5 10. Nb3 O-O 11. Re1 Bxd3 12. Qxd3 a5 13. a4 Ne4 14. Be3 Qc8 15. Ne5 Bd6 16. f3 {½-½ (35) Giri,A (2769)-Yu,Y (2750) Shenzhen 2017}) 7. O-O Be7 8. c3 O-O {White is slightly better.} 9. h3 Re8 10. Bg5 $146 ({Predecessor:} 10. Re1 Nbd7 11. Bf4 c5 12. Nbd2 c4 13. Bc2 Nf8 14. Ne5 Qa5 15. Ndf3 h6 16. Qc1 {1-0 (56) Neumann,K (2508)-Cattani,M (2410) ICCF email 2004}) 10... h6 11. Bh4 c6 12. Nbd2 Be6 13. Ne5 Qc8 14. Qf3 Nbd7 15. b4 (15. Nxd7 $14 Qxd7 16. Rfe1) 15... Nxe5 (15... Ne4 $15 16. Nxe4 dxe4 17. Qxe4 f5) 16. dxe5 $14 Nd7 17. Bxe7 Rxe7 ({Avoid the trap} 17... Nxe5 $2 18. Qg3 $18) 18. Qg3 Nf8 19. Qh4 (19. f4 $5 {[%cal Rf4f5]}) 19... Rc7 20. Qh5 Qd8 21. f4 f6 22. Rae1 fxe5 23. Qxe5 Bf7 24. Nf3 $36 {[%mdl 2048] White has good play.} Nd7 25. Qf5 {[#] aiming for Qh7+.} g6 ({Better is} 25... Nf8 $14 26. Qe5 a5) 26. Qg4 $16 Nf6 27. Qg3 Nh5 {[#]} 28. Qh2 $1 Qf6 $2 {[%mdl 8192]} (28... Re7 $16 {is a better chance.}) 29. f5 $18 {[%cal Bf4f5,Bf5g6][%mdl 32]} Rac8 (29... Re7 $142 30. fxg6 Be8) 30. fxg6 Be8 31. Rxe8+ Rxe8 32. Qxc7 {Intending Qh7+ and mate.} Re7 33. Qb8+ Kg7 34. Nd4 Qg5 35. Qf8# {Precision: White = 51%, Black = 42%.} 1-0

[Event "8th Dolomiti Open 2017"]
[Site "Forni di Sopra"]
[Date "2017.06.12"]
[Round "3"]
[White "Bifulco, Michel"]
[Black "Castellanos Rodriguez, Renier"]
[Result "0-1"]
[WhiteElo "2254"]
[BlackElo "2488"]
[Annotator "TA"]
[PlyCount "44"]
[EventDate "2017.??.??"]
[EventType "swiss"]
[EventCountry "ITA"]
[SourceTitle "playchess.com"]
[Source "ChessBase"]
[SourceQuality "1"]

{[%evp 17,44,-35,-36,-29,-19,-67,-70,-70,-57,-136,-116,-129,-132,-158,-158,-267,-276,-261,-256,-384,-420,-397,-375,-1196,-1185,-29984,-29985,-29982,-1137]} 1. d4 Nf6 2. Nc3 e6 3. e4 d5 4. Bg5 dxe4 5. Nxe4 Be7 6. Bxf6 gxf6 7. Nf3 f5 8. Nc3 a6 {C13: French: Classical System: 4 Bg5 Be7, Alekhine-Chatard Attack} 9. Ne5 (9. Qe2 b5 10. O-O-O b4 11. Na4 Qd5 12. Kb1 Nd7 13. Qe3 Bb7 14. b3 Qe4 15. Qd2 Rg8 16. Rg1 {1-0 (70) Smirin,I (2670)-Gupta,A (2645) Moscow 2017}) 9... Nd7 {LiveBook: 4 Games} 10. g3 $146 ({Predecessor:} 10. Nxd7 Qxd7 11. g4 Bf6 12. gxf5 Qxd4 13. Bd3 Qb4 14. Rb1 exf5 15. a3 Qc5 16. Qf3 {0-1 (23) Sredojevic,I (2407)-Kovacevic,A (2549) Valjevo 2012}) 10... c5 {Black has an edge.} 11. Nxd7 Bxd7 12. d5 Qb6 13. Rb1 (13. Bg2 $15) 13... O-O-O 14. Bg2 h5 15. O-O {[#]} h4 $1 16. Ne2 (16. Re1 $17 {was called for.}) 16... hxg3 17. hxg3 e5 18. Qd2 {[#]} (18. Re1 $142) 18... f4 $1 $19 {[%mdl 512]} 19. d6 (19. gxf4 Qh6) 19... Bc6 20. gxf4 $2 (20. Qd3 Bxd6 21. Rfd1) 20... Bxg2 21. Kxg2 Qc6+ 22. f3 Bh4 {Precision: White = 28%, Black = 84%.} (22... Rdg8+ $142 23. Ng3 Bxd6 24. Rh1 Rxh1 25. Rxh1 exf4 26. Rh3 Bc7 27. b3 fxg3 28. Rh4 Rd8 29. Qe3 Qg6 30. Qc1 Qf6 31. Rh1 Bf4 32. Qe1 Rd2+ 33. Qxd2 Bxd2 34. b4 cxb4 35. Rb1 Bf4 36. Re1 Qh8 37. Rh1 Qd4 38. Rh5 Qf2+ 39. Kh3 g2 40. Rh8+ Kd7 41. Rd8+ Kxd8 42. Kg4 g1=Q+ 43. Kxf4 Qe3+ 44. Kf5 Qg6#) 0-1